Responses for Show #4646 - Monday, November 15, 2004

2004 College Championship quarterfinal game 4.

Contestants

[<< previous game]

Lindsey Hargrove, a senior at the University of Texas from Bellaire, Texas

Ari Schoenholtz, a senior at Williams College from Bethesda, Maryland

Lily Wang, a junior at Columbia University from Plano, Texas

[next game >>]

Jeopardy! Round responses

PITTSTORY
NONMUSICAL MTV
HORNED ANIMALS
FRATERNITY SUIT
POETRY
WHAT'S THAT WORD...?
    $200 1
a steamboat

Lily
    $200 3
The Osbournes

Lindsey
    $200 11
the rhinoceros

Lily
    $200 16
(Ari: Who was Hilton?)
(Alex: Which one?)
(Ari: Uh... James!)

Conrad Hilton

Ari
Triple Stumper
    $200 26
the English

Lily
    $200 18
ancillary

Lily
    $400 2
Three Rivers Stadium

Ari
    $400 4
Jessica Simpson

Lily
    $400 12
a goat

Lindsey
    $400 17
the Fijis

Lindsey
    $400 27
Tyger, Tyger

Ari
    $400 19
nonplus

Ari
    $600 5
George Washington

Lily
    $600 7
The Real World

Lindsey
    $600 13
a giraffe

Lily
    $600 23
Warren Buffett

Triple Stumper
    $600 28
an elegy

Lily
    $600 20
supine

Ari
    $800 6
(Charles) Lindbergh

Ari
    $800 8
Punk'd

Lily
    $800 14
the buffalo (or the bison)

Lily
    $800 24
[Alex reads "A.T.O." as "Alpha Tau Omega".]

(James P.) Hoffa

Ari
    $1,600 29
Walt Whitman

Lily
    $800 21
vituperation

Lily
    $1000 9
(Stephen) Foster

Ari
    $1000 10
Road Rules

Triple Stumper
    $1000 15
triceratops

Ari
    $1000 25
Jet

Lily
    $1000 30
Edgar Allan Poe

Triple Stumper
    $1000 22
disingenuous

Lindsey

Scores at the first commercial break (after clue 15):

Lily Ari Lindsey
$3,600 $3,200 $1,200

Scores at the end of the Jeopardy! Round:

Lily Ari Lindsey
$8,000 $5,200 $2,600

Double Jeopardy! Round responses

PITT STORY
THE ENLIGHTENMENT
THE LONE REPRESENTATIVE
OUR TROUBLED PLANET
INTERNATIONAL TRAFFIC
RHYME TIME
    $400 2
Achilles

Lindsey
    $400 16
the French Revolution

Ari
    $400 21
Alaska

Lily
    $400 11
the rings

Lily
    $400 26
Rome

Lily
    $400 1
a calf laugh

Lily
    $800 7
Fight Club

Lily
    $800 17
burning

Lindsey
    $800 22
North Dakota

Lily
    $800 12
paper

Lindsey
    $800 27
Bangkok

Lily
    $800 3
a limp blimp

Triple Stumper
    $1200 8
Seven Years in Tibet

Lily
    $1200 18
a full moon

Lily
    $1200 23
Delaware

Lily
    $1200 13
(Lindsey: What's an environmental information statement?)

environmental impact statement

Lindsey
Triple Stumper
    $1200 28
Mexico City

Ari
    $1200 4
a cheat sheet

Lindsey
    $1600 9
Meet Joe Black

Lindsey
    $2,000 19
(Lily: Who is Benjamin Franklin?)

Thomas Jefferson

Lily
    $1600 24
Vermont

Lily
    $1600 14
whales

Lily
    $1600 29
London

Lily
    $2,000 5
(Lindsey: What is a... a Hague... [laughs] [the time's-up signal sounds] plague.)
(Alex: Yeah, but too much time.)
[The audience "aw"s.]

a Hague plague

Lindsey
    $2000 10
Snatch

Lindsey
    $2000 20
the Encyclopedie

Lily
    $2000 25
South Dakota

Triple Stumper
    $2000 15
acid rain

Lily
    $2000 30
Nigeria

Lily
    $2000 6
a liver giver

Lily

Scores at the end of the Double Jeopardy! Round:

Lily Ari Lindsey
$26,400 $6,800 $6,200
(lock game)

Final Jeopardy! Round responses

BEETHOVEN
(Alex: We love him.)
(Alex: She is playing like Ken Jennings! She is a semifinalist.)
LindseyWhat is Moonlight Sonata?
$5,000
AriWhat is the Moonlight Sonata?
$6,800
LilyWhat is the Moonlight Sonata?
$3,600
Moonlight Sonata

Final scores:

Lily Ari Lindsey
$30,000 $13,600 $11,200
Automatic semifinalist 2nd place: $5,000 if eliminated 3rd place: $5,000 if eliminated

Game dynamics:

Coryat scores:

Lily Ari Lindsey
$27,600 $6,800 $8,200
30 R
(including 1 DD),
1 W
(including 1 DD)
10 R,
1 W
11 R,
2 W
(including 1 DD)

Combined Coryat: $42,600

[game clues] [game scores] [suggest correction]

Game tape date: 2004-10-09
The J! Archive is created by fans, for fans. Scraping, republication, monetization, and malicious use prohibited; this site may use cookies and collect identifying information. See terms. The Jeopardy! game show and all elements thereof, including but not limited to copyright and trademark thereto, are the property of Jeopardy Productions, Inc. and are protected under law. This website is not affiliated with, sponsored by, or operated by Jeopardy Productions, Inc. Join the discussion at JBoard.tv.